000 00729nam a2200181Ia 4500
008 090630s9999 xx 000 0 und d
082 _b26149
100 _aदेशपांडे राजलक्ष्मी.
245 _aबीज अंकुरे अंकुरे.
_cदेशपांडे राजलक्ष्मी.
260 _bचिरानी - पुणे.
_c2003
300 _a136
600 _aदेशपांडे राजलक्ष्मी.
630 _aबीज अंकुरे अंकुरे.
655 _aइतर.
700 _aदेशपांडे राजलक्ष्मी.
730 _aबीज अंकुरे अंकुरे.
942 _cBOOK
999 _c278005
_d278005